000
00314nam a2200133Ia 4500
005
20251222141818.0
008
251222s9999||||xx |||||||||||||| ||spa||
020
_a
84-663-0518-1
082
_a
868.671/M13H
100
_a
Machado, Antonio
245
0
_a
Antología Poética
264
_b
Suma de Letras
942
_c
LIB
999
_c
6692
_d
6692